ბათუმის შოთა რუსთაველის სახელმწიფო უნივერსიტეტის ბიბლიოთეკა

აჭარის ავტონომიური რესპუბლიკის კონსტიტუცია : [მიღებულია აჭარის ა/რ მიერ 2008 წლის 20 თებერვალს]. (ბიბ.ჩანაწერი № 53129)

000 -ლიდერი
ფიქსირებული სიგრძის საკონტროლო ველი 01318nam a2200217Ia 4500
001 - საკონტროლო ნომერი
საკონტროლო ველი 20168
003 - საკონტროლო ნომრის იდენტიფიკატორი
საკონტროლო ველი GE_BSU
005 - ბოლო ოპერაციის თარიღი და დრო
საკონტროლო ველი 20250519142306.0
008 - ფიქსირებული სიგრძის მონაცემთა ელემენტები - ზოგადი ინფორმაცია
ფიქსირებული სიგრძის საკონტროლო ველი 181216s2008||||ge |||||||||||||| ||geo||
020 ## - წიგნის საერთაშორისო სტანდარტული ნომერი
International Standard Book Number 9789941009440
040 ## - კატალოგიზაციის წყარო
Transcribing agency GE_BSU
041 ## - ენის კოდი
Language code of text/sound track or separate title geo
080 ## - უნივერსალური ათობითი კლასიფიკაციის ინდექსი
Universal Decimal Classification number 342.4(479.223) ა-95
245 ## - ცნობა სათაურის შესახებ
Title აჭარის ავტონომიური რესპუბლიკის კონსტიტუცია : [მიღებულია აჭარის ა/რ მიერ 2008 წლის 20 თებერვალს].
264 ## - წარმოების, გამოცემის, დისტრიბუციის და სხვა ცნობები
გამოცემის, წარმოების, დისტრიბუციის... ადგილი ბათუმი :
გამოცემის, წარმოების, დისტრიბუციის... სახელწოდება [შპს "Gamaprint"-ის პოლიგრ. ცენტრი],
გამოცემის, წარმოების, დისტრიბუციის... თარიღი 2008.
300 ## - ფიზიკური აღწერა
Extent 40 გვ. ;
Dimensions 21 სმ.
500 ## - ზოგადი შენიშვნა
General note ტექსტი გამოსაცემად მომზადებულია აჭარის ავტონომიური რესპუბლიკის უმაღლესი საბჭოს საკონსტიტუციო,იურიდიული და საპროცედურო საკითხთა კომიტეტის მიერ
653 ## - INDEX TERM--UNCONTROLLED
Uncontrolled term აჭარის ავტონომიური რესპუბლიკის კონსტიტუცია
653 ## - INDEX TERM--UNCONTROLLED
Uncontrolled term სამართალი
942 ## - ADDED ENTRY ELEMENTS (KOHA)
Koha item type წიგნი
Source of classification or shelving scheme
ეგზემპლარები
ჩამოწერის სტატუსი დაკარგული ეგზემპლარის სტატუსი კლასიფიკაციის წყარო ან თაროზე გაწყობის სქემა დაზიანების სტატუსი არ გაიცემა მუდმივი მდებარეობა (დაცვის ადგილი) ამჟამინდელი ადგილსამყოფელი თაროზე განთავსების ადგილი შეძენის თარიღი ღირებულება, შესყიდვის ნორმალური ფასი სრული შენახვის შიფრი შტრიხკოდი ბოლო ოპერაციის თარიღი ეგზემპლარის მიმდევრობითი ნომერი (კეტერი?) ფასის ძალაში შესვლის თარიღი ეგზემპლარის სახეობა საჯარო შენიშვნა
          ბათუმის შოთა რუსთაველის სახელმწიფო უნივერსიტეტის მთავარი ბიბლიოთეკა ბათუმის შოთა რუსთაველის სახელმწიფო უნივერსიტეტის მთავარი ბიბლიოთეკა წიგნსაცავი 2018-12-17 2.00 342.4(479.223) ა-95 27922 2018-12-17 27922 2018-12-17 წიგნი 2.00 ₾.